000 00661nam a2200277 a 4500
003 AR-BaBNM
005 20251128204310.0
008 082120s2002 ||||||||||||||000 | spa||
040 _cAR-BaBNM
100 1 _aMontoro Sanchis, Antonio
245 0 0 _aPoética española
260 _aBarcelona
_bGustavo Gili
_c1949
300 _a280 p.
650 4 _aLITERATURA ESPAÑOLA
650 4 _aCRITICA LITERARIA
650 4 _aLITERATURA POPULAR
650 4 _aTRADICION ORAL
650 4 _aRENACIMIENTO
650 4 _aEDAD MEDIA
653 _aROMANCES
653 _aPOETICA
653 _aMETRICA
655 _aLITERATURA
942 _cBK
998 _cMARTIN
999 _c6927
_d6927